Super Mario 3D World Levels - World 1 - Statistics

General Stats
  • This quiz has been taken 133 times
  • The average score is 6 of 8
Answer Stats
Level % Correct
Super {Bell} Hill
95%
Chargin’ {Chuck} Blockade
90%
Koopa Troopa {Cave}
85%
{Plessie}’s Plunging Falls
81%
Mount {Bean}pole
77%
{Captain} {Toad} Goes Forth
70%
{Switch} Scramble Circus
64%
Bowser’s {Highway} Showdown
45%
No matching quizzes found
Score Distribution
Percent of People with Each Score
Percentile by Number Answered
Your Score History
You have not taken this quiz